Examples of projects in the Joint Research Centre
Gespeichert in:
| Format: | Software Buch |
|---|---|
| Sprache: | Englisch |
| Veröffentlicht: |
Brussels :
[s.n.],
2007
|
| Schlagworte: | |
| Online-Zugang: |
|
| Tags: |
Tag hinzufügen
Keine Tags, Fügen Sie den ersten Tag hinzu!
|
MARC
| LEADER | 00000nlm a2200000 4500 | ||
|---|---|---|---|
| 003 | SK-BrCVT | ||
| 005 | 20220617223531.0 | ||
| 007 | c | ||
| 008 | 070417s2007 be e d ||||||eng d | ||
| 035 | |a CVTIDW1413116 | ||
| 040 | |b slo |a KED |e AACR2 | ||
| 041 | 0 | |a eng | |
| 044 | |a be | ||
| 245 | 1 | 0 | |a Examples of projects in the Joint Research Centre |h [elektronický zdroj] |
| 260 | |a Brussels : |b [s.n.], |c 2007 | ||
| 300 | |a 17 s. : |b obr. ; | ||
| 516 | |a Elektronický dokument | ||
| 653 | 1 | |a životné prostredie |a klimatické zmeny |a emisie |a nebezpečné chemické látky |a potravinársky priemysel |a chov hospodárskych zvierat |a jadrová energetika |a monitoring |a meracie metódy |a projekty | |
| 856 | 4 | |u http://www.jrc.ec.europa.eu/download/brochures/project_examples/examples_web_en.pdf | |
| 910 | |b KED01645 | ||
| 959 | |a TS1500 | ||
| 974 | |f Knihy neprofilové | ||
| 999 | |c 154857 |d 154857 | ||